00511nam a22001457a 4500008004100000020001800041082001400059100002000073245014900093250001300242260006000255300000800315650002200323650002000345190127b xxu||||| |||| 00| 0 eng d a0-8011-1198-6 a371/H592c aHinkle, Paul D. aCalifornia special education programs; a composite of laws; education code part 30 other related laws and California code of regulations-title5  a17th ed. aSacramento:bCalifornia Department of Education,c1995. avp. aSpecial education aEducational law